Oral medicine
Saved in:
| Main Author: | |
|---|---|
| Format: | Book |
| Published: |
Oxford ; New York
Oxford University Press
1989
|
| Edition: | 3rd ed. |
| Series: | Oxford medical publications
|
| Subjects: | |
| Tags: |
Add Tag
No Tags, Be the first to tag this record!
|
| LEADER | 00670nam a22002057a 4500 | ||
|---|---|---|---|
| 001 | 537385 | ||
| 010 | |a 80-40974 | ||
| 020 | |a 0194424294 | ||
| 060 | 0 | 0 | |a WU 100 |
| 100 | 1 | |a Tyldesley, William R. |9 1220 | |
| 245 | 1 | 0 | |a Oral medicine |c W.R. Tyldesley. |
| 250 | |a 3rd ed. | ||
| 260 | |a Oxford ; New York |b Oxford University Press |c 1989 | ||
| 300 | |a 231p. ; | ||
| 490 | 0 | |a Oxford medical publications | |
| 650 | 2 | |a Oral Medicine |9 1221 | |
| 856 | |y Full Text Visit NHRC Information Center | ||
| 942 | |2 NLM |c BK | ||
| 952 | |0 0 |1 0 |2 NLM |4 0 |6 WU_100_000000000000000_TYL_1989 |7 0 |9 1480 |a NHRC |b NHRC |c CART |d 2013-03-13 |l 0 |o WU 100/TYL/1989 |p 000069 |r 2013-03-13 |w 2013-03-13 |y BK | ||
| 999 | |c 1439 |d 1439 | ||